000 01666cam a2200169 4500500
005 20260426020105.0
041 _afre
042 _adc
100 1 0 _aJeammet, Philippe
_eauthor
245 0 0 _aLe passage à l'acte
260 _c2005.
500 _a86
520 _aL’effraction (pour commettre un vol ou un autre acte) qui n’est pas un acte délictueux accompli isolément mais au décours d’autres actes délinquants, peut être envisagé comme le révélateur par le sujet d’un processus à l’œuvre : processus de transformation, de passage d’un état à un autre, façon de laisser une signature, quelque chose de soi à voir, pour un acte que l’on dissimule. A travers quelques cas de sujets rencontrés en expertise l’auteur essaye d’ordonner une réflexion sur les effets produits sur le sujet lui-même de cet acte d’effraction.
520 _aThe breaking offence: breaking, entering, collecting Breaking in (to commit robbery or something else) is not an isolated unlawful act but an act within a chain of other offences. It can be envisioned as the subject’s tracer of an ongoing process : transformational process, from one state to another, a way to leave behind a personal signature, something of the self to be seen, for a hidden act. Through a few cases encountered while doing an expertise, the author tries to ordinate his thought regarding the produced effects on the person who committed the breaking offence.
786 0 _nImaginaire & Inconscient | 16 | 2 | 2005-11-01 | p. 57-63 | 1628-9676
856 4 1 _uhttps://shs.cairn.info/revue-imaginaire-et-inconscient-2005-2-page-57?lang=fr&redirect-ssocas=7080
999 _c2225424
_d2225424